000
00258nam a22001217a 4500
008
181015b xxu||||| |||| 00| 0 eng d
041
_a
eng
080
_a
910
100
_a
43
101
_a
ART
245
_a
experimental Design
_c
Kirk.R.E
942
_2
udc
_c
BK
999
_c
49799
_d
49799